000 00742nam a22002657a 4500
001 BR6001052
003 BR-BrBNA
005 20230928083047.0
007 ta
008 230509b bl.||||| |||| 00| 0 por d
040 _aBR-BrBNA
_bpor
_cBiblioteca Nacional de Agricultura
041 _a(Por)
072 _aD50
_b/G514
090 _ D50 BR6001052
100 1 _aCatharino, J.M.
245 1 _aO trabalhador rural brasileiro. Protecao juridica
260 3 _aRio de Janeiro, GB (Brasil):
_bLivraria Freitas Bastos,
_c1958.
300 _a142 p.
500 _aBibliography p. 137-142
650 _aLegislacao
650 _aTrabalhador rural
650 _aLegislacao trabalhista
909 _a202309
_bLucia
_c55
_dLucia Elande
942 _cBK
999 _c11346
_d11346